<?xml version="1.0" encoding="UTF-8"?>
<record
    xmlns:xsi="http://www.w3.org/2001/XMLSchema-instance"
    xsi:schemaLocation="http://www.loc.gov/MARC21/slim http://www.loc.gov/standards/marcxml/schema/MARC21slim.xsd"
    xmlns="http://www.loc.gov/MARC21/slim">

  <leader>01416nam1a22002891i 4500</leader>
  <controlfield tag="001">rc\3707150</controlfield>
  <controlfield tag="005">20240726045215.0</controlfield>
  <datafield tag="035" ind1=" " ind2=" ">
    <subfield code="a">(NLR Aleph) 007766234</subfield>
  </datafield>
  <datafield tag="090" ind1=" " ind2=" ">
    <subfield code="a">7419817</subfield>
    <subfield code="c">7419817</subfield>
  </datafield>
  <datafield tag="100" ind1=" " ind2=" ">
    <subfield code="a">20130115g19691970|||y0rusy50      ca</subfield>
  </datafield>
  <datafield tag="101" ind1="1" ind2=" ">
    <subfield code="a">rus</subfield>
    <subfield code="c">und</subfield>
  </datafield>
  <datafield tag="102" ind1=" " ind2=" ">
    <subfield code="a">RU</subfield>
  </datafield>
  <datafield tag="105" ind1=" " ind2=" ">
    <subfield code="a">y   z   |||||</subfield>
  </datafield>
  <datafield tag="200" ind1="1" ind2=" ">
    <subfield code="a">&#x421;&#x431;&#x43E;&#x440;&#x43D;&#x438;&#x43A; &#x440;&#x435;&#x437;&#x443;&#x43B;&#x44C;&#x442;&#x430;&#x442;&#x43E;&#x432; &#x438;&#x437;&#x43C;&#x435;&#x440;&#x435;&#x43D;&#x438;&#x439; &#x433;&#x430;&#x43C;&#x43C;&#x430;-&#x438;&#x437;&#x43B;&#x443;&#x447;&#x435;&#x43D;&#x438;&#x44F;, &#x432;&#x43E;&#x437;&#x43D;&#x438;&#x43A;&#x430;&#x44E;&#x449;&#x435;&#x433;&#x43E; &#x43F;&#x440;&#x438; &#x437;&#x430;&#x445;&#x432;&#x430;&#x442;&#x435; &#x442;&#x435;&#x43F;&#x43B;&#x43E;&#x432;&#x44B;&#x445; &#x43D;&#x435;&#x439;&#x442;&#x440;&#x43E;&#x43D;&#x43E;&#x432;</subfield>
    <subfield code="e">&#x412; 3 &#x447;.]</subfield>
    <subfield code="e">&#x427;. 1-3</subfield>
    <subfield code="f">&#x413;.&#x410;. &#x411;&#x430;&#x440;&#x442;&#x43E;&#x43B;&#x43E;&#x43C;&#x44C;&#x44E;, &#x410;. &#x414;&#x43E;&#x432;&#x435;&#x439;&#x43A;&#x430;, &#x41A;.&#x41C;. &#x418;&#x441;&#x442;&#x432;&#x443;&#x434; [&#x438; &#x434;&#x440;.</subfield>
  </datafield>
  <datafield tag="210" ind1=" " ind2=" ">
    <subfield code="a">&#x41C;&#x43E;&#x441;&#x43A;&#x432;&#x430;</subfield>
    <subfield code="c">&#x410;&#x442;&#x43E;&#x43C;&#x438;&#x437;&#x434;&#x430;&#x442;</subfield>
    <subfield code="d">1969-1970</subfield>
  </datafield>
  <datafield tag="215" ind1=" " ind2=" ">
    <subfield code="a">3 &#x442;.</subfield>
    <subfield code="d">28</subfield>
  </datafield>
  <datafield tag="300" ind1=" " ind2=" ">
    <subfield code="a">&#x41D;&#x430; &#x442;&#x438;&#x442;. &#x43B;. &#x438; &#x43E;&#x431;&#x43B;. &#x442;&#x43E;&#x43B;&#x44C;&#x43A;&#x43E; &#x437;&#x430;&#x433;&#x43B;. &#x436;&#x443;&#x440;&#x43D;. &#x43D;&#x430; &#x440;&#x443;&#x441;. &#x44F;&#x437;.: "&#x42F;&#x434;&#x435;&#x440;&#x43D;&#x44B;&#x435; &#x434;&#x430;&#x43D;&#x43D;&#x44B;&#x435;. &#x416;&#x443;&#x440;&#x43D;&#x430;&#x43B;, &#x43F;&#x43E;&#x441;&#x432;&#x44F;&#x449;. &#x43E;&#x431;&#x437;&#x43E;&#x440;&#x443; &#x438; &#x43E;&#x446;&#x435;&#x43D;&#x43A;&#x435; &#x44D;&#x43A;&#x441;&#x43F;&#x435;&#x440;&#x438;&#x43C;. &#x438; &#x442;&#x435;&#x43E;&#x440;&#x435;&#x442;. &#x434;&#x430;&#x43D;&#x43D;&#x44B;&#x445; &#x432; &#x44F;&#x434;&#x435;&#x440;&#x43D;&#x43E;&#x439; &#x444;&#x438;&#x437;&#x438;&#x43A;&#x435;"</subfield>
  </datafield>
  <datafield tag="300" ind1=" " ind2=" ">
    <subfield code="a">&#x41E;&#x43F;&#x438;&#x441;&#x430;&#x43D;&#x43E; &#x43F;&#x43E; 1-&#x439; &#x441;. &#x442;&#x435;&#x43A;&#x441;&#x442;&#x430;</subfield>
  </datafield>
  <datafield tag="300" ind1=" " ind2=" ">
    <subfield code="a">&#x41F;&#x435;&#x440;. &#x438;&#x437; &#x436;&#x443;&#x440;&#x43D;.: Nuclear data, section A, &#x2116; 3 (1967), &#x410;5, &#x2116; 1-2 (1968), &#x410;5, &#x2116; 3-4 (1969) &#x441; &#x441;&#x43E;&#x445;&#x440;&#x430;&#x43D;&#x435;&#x43D;&#x438;&#x435;&#x43C; &#x43F;&#x430;&#x433;. &#x436;&#x443;&#x440;&#x43D;.</subfield>
  </datafield>
  <datafield tag="512" ind1="0" ind2=" ">
    <subfield code="a">&#x42F;&#x434;&#x435;&#x440;&#x43D;&#x44B;&#x435; &#x434;&#x430;&#x43D;&#x43D;&#x44B;&#x435;</subfield>
  </datafield>
  <datafield tag="701" ind1=" " ind2="1">
    <subfield code="a">&#x414;&#x43E;&#x432;&#x435;&#x439;&#x43A;&#x430;</subfield>
    <subfield code="b">&#x410;.</subfield>
  </datafield>
  <datafield tag="701" ind1=" " ind2="1">
    <subfield code="a">&#x418;&#x441;&#x442;&#x432;&#x443;&#x434;</subfield>
    <subfield code="b">&#x41A;.&#x41C;.</subfield>
  </datafield>
  <datafield tag="701" ind1=" " ind2="1">
    <subfield code="a">&#x411;&#x430;&#x440;&#x442;&#x43E;&#x43B;&#x43E;&#x43C;&#x44C;&#x44E;</subfield>
    <subfield code="b">&#x413;.&#x410;.</subfield>
  </datafield>
  <datafield tag="801" ind1=" " ind2="0">
    <subfield code="a">RU</subfield>
    <subfield code="b">NLR</subfield>
    <subfield code="g">psbo</subfield>
  </datafield>
  <datafield tag="801" ind1=" " ind2="1">
    <subfield code="a">RU</subfield>
    <subfield code="b">ELAR</subfield>
    <subfield code="2">rusmarc</subfield>
  </datafield>
  <datafield tag="852" ind1=" " ind2=" ">
    <subfield code="a">NLR</subfield>
    <subfield code="j">69-8/1641</subfield>
  </datafield>
  <datafield tag="942" ind1=" " ind2=" ">
    <subfield code="c">BOOK</subfield>
  </datafield>
</record>
